000 00860cab a2200217 4500
001 WB3520-21
008 090401t1999 xxu||||| |||| 00| 0 eng d
035 _a(Sirsi) u93555
041 _aeng
245 _aPrototype factory-built houses
260 _c1999
350 _a0
490 _aHousing Today
_v(134) 20 May 1999, 1(1)
520 _aDiscusses plans for a housing 'factory' which would deliver defect-free houses within three weeks of order. A partnership between housing associations, housebuilders and developers, led by Ove Arup, plans a £5m pilot factory to begin production by 2001. It could produce 1,000 units a year, but would be economically viable with only 500.
650 _aFACTORY-BUILT HOUSING
650 _aOVE ARUP
650 _aPREFABRICATED HOUSING
690 _aHOUSING-DEVELOPMENT
942 _n0
948 _c25/05/1999
999 _c59285
_d59285